Salud mental en el derecho de familia / (Registro nro. 3161)

Detalles MARC
000 -CABECERA
campo de control de longitud fija 01591cam a22003494a 4500
001 - NÚMERO DE CONTROL
campo de control 15877499
003 - IDENTIFICADOR DEL NÚMERO DE CONTROL
campo de control AR-RoIUNI
005 - FECHA Y HORA DE LA ÚLTIMA TRANSACCIÓN
campo de control 20210317124527.0
007 - CAMPO FIJO DE DESCRIPCIÓN FÍSICA--INFORMACIÓN GENERAL
campo de control de longitud fija ta
008 - DATOS DE LONGITUD FIJA--INFORMACIÓN GENERAL
campo de control de longitud fija 090804s2008 ag b 000 0 spa d
010 ## - NÚMERO DE CONTROL DE LA BIBLIOTECA DEL CONGRESO
Número de control de LC 2009501188
020 ## - NÚMERO INTERNACIONAL ESTÁNDAR DEL LIBRO
Número Internacional Estándar del Libro 9789507413728
020 ## - NÚMERO INTERNACIONAL ESTÁNDAR DEL LIBRO
Número Internacional Estándar del Libro 9789507413735
035 ## - NÚMERO DE CONTROL DEL SISTEMA
Número de control de sistema (AR-BaFGC)0-154617/1
040 ## - FUENTE DE LA CATALOGACIÓN
Centro catalogador/agencia de origen DLC
Centro/agencia transcriptor AR-RoIUNI
043 ## - CÓDIGO DE ÁREA GEOGRÁFICA
Código de área geográfica s-ag---
080 ## - NÚMERO DE LA CLASIFICACIÓN DECIMAL UNIVERSAL
Número de la Clasificación Decimal Universal 340.63
100 1# - ENTRADA PRINCIPAL--NOMBRE DE PERSONA
Nombre de persona Famá, María Victoria.
245 10 - MENCIÓN DE TÍTULO
Título Salud mental en el derecho de familia /
Mención de responsabilidad, etc. María Victoria Famá, Marisa Herrera, Luz María Pagano ; presentación de Jorge O. Azpiri.
260 ## - PUBLICACIÓN, DISTRIBUCIÓN, ETC. (PIE DE IMPRENTA)
Lugar de publicación, distribución, etc. Buenos Aires :
Nombre del editor, distribuidor, etc. Hammurabi,
Fecha de publicación, distribución, etc. [2008]
300 ## - DESCRIPCIÓN FÍSICA
Extensión 746 p. ;
Dimensiones 23 cm.
490 0# - MENCIÓN DE SERIE
Mención de serie Instituciones del derecho de familia y sucesiones ;
Designación de volumen o secuencia 1
505 0# - NOTA DE CONTENIDO CON FORMATO
Nota de contenido con formato Capítulo I. La salud mental en el marco de los derechos humanos -- Capítulo II. Salud mental, familia y operadores -- Capítulo III. La <<incapacidad>> en la historia y en el discurso: revisión crítica de la legislación vigente -- Capítulo IV. Internaciones psiquiátricas -- Capítulo V. Insanía : el proceso de insanía -- Capítulo VI. Insanía : efectos de la interdicción -- Capítulo VII. Declaración de inhabilitación -- Capítulo VIII. Hacia un sistema de gradualidad de capacidades.
650 #4 - PUNTO DE ACCESO ADICIONAL DE MATERIA--TÉRMINO DE MATERIA
Término de materia o nombre geográfico como elemento inicial PSICOLOGÍA
9 (RLIN) 108
650 #4 - PUNTO DE ACCESO ADICIONAL DE MATERIA--TÉRMINO DE MATERIA
Término de materia o nombre geográfico como elemento inicial SALUD MENTAL
650 #4 - PUNTO DE ACCESO ADICIONAL DE MATERIA--TÉRMINO DE MATERIA
Término de materia o nombre geográfico como elemento inicial DERECHO
9 (RLIN) 106
650 #4 - PUNTO DE ACCESO ADICIONAL DE MATERIA--TÉRMINO DE MATERIA
Término de materia o nombre geográfico como elemento inicial DERECHO DE LA FAMILIA
700 1# - PUNTO DE ACCESO ADICIONAL--NOMBRE DE PERSONA
Nombre de persona Herrera, Marisa.
700 1# - PUNTO DE ACCESO ADICIONAL--NOMBRE DE PERSONA
Nombre de persona Pagano, Luz María.
942 ## - ELEMENTOS DE PUNTO DE ACCESO ADICIONAL (KOHA)
Fuente del sistema de clasificación o colocación Clasificación Decimal Universal
Tipo de ítem Koha Libros
Existencias
Estado de retiro Estado de pérdida Fuente del sistema de clasificación o colocación Estado dañado Excepción de préstamo Código de colección Localización permanente Ubicación/localización actual Ubicación en estantería Fecha de adquisición Número de inventario Total de préstamos Signatura topográfica completa Código de barras Fecha visto por última vez Fecha del último préstamo Número de copia Precio válido a partir de Tipo de ítem Koha Nota pública
    Clasificación Decimal Universal     Psicología BIBLIOTECA RIOBAMBA BIBLIOTECA RIOBAMBA BIBLIOTECA RIOBAMBA 22/07/2016 3256 1 340.63 FAM 3256 06/08/2024 05/07/2024 1 17/08/2016 Libros Postgrado